Statistics for All Rupaul's Drag Race Queens

Click here to take the quiz!

General Stats

  • This quiz has been taken 56 times
  • The average score is 140 of 170

Answer Stats

SeasonAnswer% Correct
Season 1Bebe Zahara Benet
100%
Season 4Phi Phi O'Hara
100%
Season 3Raja
100%
Season 5Alaska (Thunderfuck 5000)
97%
Season 4Chad Michaels
97%
Season 2Jujubee
97%
Season 4Latrice Royale
97%
Season 3Alexis Mateo
93%
Season 5Alyssa Edwards
93%
Season 6BenDelaCreme
93%
Season 6Bianca Del Rio
93%
Season 8Bob the Drag Queen
93%
Season 5Coco Montrese
93%
Season 7Ginger Minj
93%
Season 5Ivy Winters
93%
Season 1Jade (Sotomayor)
93%
Season 12Jan (Sport)
93%
Season 5Jinkx Monsoon
93%
Season 7Kandy Ho
93%
Season 7Katya (Yekaterina Petrovna Zamalodchikova)
93%
Season 8Kim Chi
93%
Season 3Manila Luzon
93%
Season 8Naomi Smalls
93%
Season 1Nina Flowers
93%
Season 2Pandora Boxx
93%
Season 5Roxxxy Andrews
93%
Season 9Sasha Velour
93%
Season 2 | Season 3Shangela
93%
Season 4Sharon Needles
93%
Season 2Sonique
93%
Season 2Tatianna
93%
Season 6Trinity K. Bonet
93%
Season 9Trinity "The Tuck" Taylor
93%
Season 6Adore Delano
90%
Season 9Aja
90%
Season 10Aquaria
90%
Season 11Brooke Lynn Hytes
90%
Season 3Carmen Carrera
90%
Season 3Delta Work
90%
Season 13Gottmik
90%
Season 12Jaida Essence Hall
90%
Season 6(Miss) Darienne Lake
90%
Season 7Miss Fame
90%
Season 10Miz Cracker
90%
Season 10Monét X Change
90%
Season 11Nina West
90%
Season 7Pearl
90%
Season 1Rebecca Glasscock
90%
Season 9Shea Couleé
90%
Season 2Tyra Sanchez
90%
Season 9Valentina
90%
Season 4Willam
90%
Season 8Acid Betty
86%
Season 12Brita (Filter)
86%
Season 8Derrick Barry
86%
Season 5Detox (Icunt)
86%
Season 10 | Season 9Eureka (O'Hara)
86%
Season 12Gigi Goode
86%
Season 4Jiggly Caliente
86%
Season 13Kandy Muse
86%
Season 7Kennedy Davenport
86%
Season 4Kenya Michaels
86%
Season 6Milk
86%
Season 2Morgan McMichaels
86%
Season 1Ongina
86%
Season 9Peppermint
86%
Season 2Raven
86%
Season 1Shannel
86%
Season 13(The) Rosé
86%
Season 10 | Season 11Vanessa Vanjie Mateo
86%
Season 1Victoria "Porkchop" Parker
86%
Season 7Violet Chachki
86%
Season 3Yara Sofia
86%
Season 1Akashia
83%
Season 10Asia O'Hara
83%
Season 10Blair St. Clair
83%
Season 8Chi Chi (Kat) DeVayne
83%
Season 6Courtney Act
83%
Season 9Farrah Moan
83%
Season 12Jackie Cox
83%
Season 5Jade Jolie
83%
Season 7Jasmine Masters
83%
Season 13Joey Jay
83%
Season 10Kameron Michaels
83%
Season 10Monique Heart
83%
Season 3Phoenix
83%
Season 11Ra'Jah O'Hara
83%
Season 2Sahara Davenport
83%
Season 13Symone
83%
Season 1Tammie Brown
83%
Season 7Tempest DuJour
83%
Season 10The Vixen
83%
Season 7Trixie Mattel
83%
Season 11Yvie Oddly
83%
Season 11A'Keria C. Davenport
79%
Season 9Alexis Michelle
79%
Season 12Crystal Methyd
79%
Season 8 | Season 9Cynthia Lee Fontaine
79%
Season 13Denali (Foxx)
79%
Season 6Gia Gunn
79%
Season 3India Ferrah
79%
Season 2Jessica Wild
79%
Season 11Kahanna Montrese
79%
Season 9Kimora Blac
79%
Season 6Laganja Estranja
79%
Season 13LaLa Ri
79%
Season 7Max
79%
Season 3Mimi Imfurst
79%
Season 2Mystique Summers Madison
79%
Season 8Naysha Lopez
79%
Season 12Nicky Doll
79%
Season 9Nina Bo'nina Brown
79%
Season 13Olivia Lux
79%
Season 5Penny Tration
79%
Season 12Sherry Pie
79%
Season 11Silky Nutmeg Ganache
79%
Season 4The Princess
79%
Season 8Thorgy Thor
79%
Season 6Vivacious
79%
Season 12Widow Von' Du
79%
Season 12Aiden Zhane
76%
Season 13Elliott with 2 Ts (Elliott Puckett)
76%
Season 5Honey Mahogany
76%
Season 6Joslyn Fox
76%
Season 3Mariah Paris Balenciaga
76%
Season 13Tamisha Iman
76%
Season 6April Carrión
72%
Season 12Dahlia Sin
72%
Season 11Honey Davenport
72%
Season 7Jaidynn Diore Fierce
72%
Season 6Kelly Mantle
72%
Season 11Mercedes Iman Diamond
72%
Season 2Nicole Paige Brooks
72%
Season 11Plastique Tiara
72%
Season 12Rock M. Sakura
72%
Season 7Sasha Belle
72%
Season 11Scarlet Envy
72%
Season 5Serena ChaCha
72%
Season 3Stacy Layne Matthews
72%
Season 13Tina Burner
72%
Season 3Venus D-Lite
72%
Season 4Alisa Summers
69%
Season 11Ariel Versace
69%
Season 8Dax ExclamationPoint
69%
Season 4DiDa Ritz
69%
Season 12Heidi N Closet
69%
Season 9Jaymes Mansfield
69%
Season 13Kahmora Hall
69%
Season 4Lashauwn Beyond
69%
Season 4Milan
69%
Season 7Mrs. Kasha Davis
69%
Season 8Robbie Turner
69%
Season 11Shuga Cain
69%
Season 13Utica Queen
69%
Season 5Vivienne Pinay
69%
Season 10Dusty Ray Bottoms
66%
Season 10Kalorie Karbdashian Williams
66%
Season 4Madame LaQueer
66%
Season 5Monica Beverly Hillz
66%
Season 11Soju
66%
Season 10Yuhua Hamasaki
66%
Season 9Charlie Hides
62%
Season 8Laila McQueen
62%
Season 5Lineysha Sparx
62%
Season 10Mayhem Miller
59%
Season 6Magnolia Crawford
55%

Score Distribution

Percentile by Number Answered

Percent of People with Each Score

Your Score History

You have not taken this quiz